1735 1887 1972 1821 1285 1649 1513 1414 1766 1854 1457 1960 1723 1572 1826 1739 1004 1461 1318 1919 1927 1907 1427 1520 1756 1690 1802 1958 1318 1149 1806 1705 1513 1787 1447 1433 1272 1814 1660 1893 1708 1628 1233 1034 1114 1696 1070 1731 1565 1414 1222 1386 1187 1194 1535 1263 1670 1753 1476 1454 1970 1511 1550 1624 1759 1127 1886 1475 1715 1920 1757 1492 1074 1329 1030 1140 1933 1041 1893 1597 1704 1632 1238 1662 1777 1202 1765 1961 1939 1389 1072 1971 1180 1488 1677 1725 1810 1970 1464 BCNSPRNW ULIB Ver.6.0+V

เปลี่ยนเป็นภาษาไทย

Change to English
 แสดงรายละเอียดบรรณานุกรม
  กลับหน้าหลัก

Brief Record : Get Marc (ISO 2709) : E-mail record : QR code < ปิดหน้าต่าง
LEADER : 00000nam 2200000uu 4500
001    13399115106
003     ULIB
008    110320s2541||||th 000 0 tha d
099    วจ.WY18.5^bส839ก
100 0  สุภาวรรณ์ ศรีจันท์ทองศิริ
245 00 ความสัมพันธ์ระหว่างความรู้ เจตคติ และปัจจัยสนับสนุนกับพฤติกรรมการป้องกันการติดเชื้อเอดส์ในการปฏิบัติการพยาบาล ของนักศึกษาพยาบาล วิทยาลัยพยาบาลบรมราชชนนี เขตภาคเหนือ/^cสุภาวรรณ์ ศรีจันท์ทองศิริ ,นิรนาท วิทยโชคกิติคุณ และอรพิน แสงสว่าง
260    นครสวรรค์ :^bวิทยาลัยพยาบาลบรมราชชนนี สวรรค์ประชารักษ์,^c2541
300    121 หน้า :^bตาราง
500    รายงานการวิจัย
650  7 การติดเชื้อเอดส์เอดส์^xปฏิบัติการพยาบาล^xวิจัย
650  7 ปฏิบัติการพยาบาล^xนักศึกษาพยาบาล^xวิจัย
700 02 นิรนาท วิทยโชคกิติคุณ
700 02 อรพิน แสงสว่าง
710 2  วิทยาลัยพยาบาลบรมราชชนนี สวรรค์ประชารักษ์
945    ^p0^l0^i032146
945    ^p0^l0^i032147
995    ทศพร
999 ^a ใช้งานได้ทุกระบบ
รายการนี้ยังไม่มีแท็ก
คุณยังไม่ได้ล็อกอิน คุณสามารถมีกิจกรรมร่วมกับเว็บไซต์ได้ แต่ต้องล็อกอินก่อน ::
  ล็อกอิน

รายการสื่อสารสนเทศ

ลำดับที่ ประเภท เลขเรียก/บาร์โค้ด สถานที่ สถานะ
1. งานวิจัย
งานวิจัย
วจ.WY18.5 ส839ก ฉ.1 
  Barcode: 032146
ห้องสมุดวิทยาเขตสวรรค์ประชารักษ์
►วิจัย
บนชั้น
2. งานวิจัย
งานวิจัย
วจ.WY18.5 ส839ก ฉ.2 
  Barcode: 032147
ห้องสมุดวิทยาเขตสวรรค์ประชารักษ์
►วิจัย
บนชั้น

รายการใกล้เคียง
    ผู้แต่ง [สุภาวรรณ์ ศรีจันท์ทองศิริ]

BibComment


ยังไม่เคยถูกคอมเมนท์

คอมเมนท์ทรัพยากรรายการนี้
  คอมเมนท์: ความสัมพันธ์ระหว่..


 Copyright 2026. Bcnsprnw @Library